| 000 | 00976nam a22002897a 4500 | ||
|---|---|---|---|
| 003 | CHAP | ||
| 005 | 20220329140733.0 | ||
| 008 | 971013s1987 r 10010 d | ||
| 010 | _a56790 | ||
| 011 | _a57762 | ||
| 035 | _a61917 | ||
| 040 | _cCHAP | ||
| 082 |
_a636.4063 _bS6 |
||
| 111 | 0 | 0 |
_aSociedad Veterinaria Venezolana de Especialistas en Cerdos. Congreso Nacional ( _d1987 _c: Maracay) _9108109 |
| 245 | _a(Memorias) | ||
| 260 |
_aMaracay : _bLa sociedad, _c1987 |
||
| 300 | _a59 p. | ||
| 500 | _aPub. en BoletÃn de la Sociedad Veterinaria Venezolana de Especialistas en Cerdos 2(1), 1987 | ||
| 590 |
_aBATCH-UPD _b10 _c20130110 _lUCH01 _h0336 |
||
| 590 |
_aBATCH-UPD _b10 _c20130110 _lUCH01 _h2337 |
||
| 590 |
_aCONVERSION _b10 _c20130109 _lUCH01 _h1331 |
||
| 650 | 1 | 4 |
_aGanado porcino _xCongresos. _945347 |
| 650 | 1 | 4 |
_aGanado porcino _xVenezuela. _945415 |
| 901 | _aBK | ||
| 942 | _cLIBRO | ||
| 949 |
_a636.4063 S6 _bBC _cLIBRO _d33724000099537 _eLIBRO _h73230 _i61917 _si |
||
| 999 |
_c56790 _d56790 |
||